[Event "SR 3. liga A2 2015/2016"]
[Site "?"]
[Date "2016.03.20"]
[Round "10.3"]
[White "Hrubsa, Marian"]
[Black "Smrek, Peter"]
[Result "1-0"]
[WhiteElo "1810"]
[BlackElo "1814"]
[PlyCount "107"]
[EventDate "2016.??.??"]

1. e4 c5 2. Nf3 g6 3. d4 Bg7 4. dxc5 Qa5+ 5. c3 Qxc5 6. Be3 Qc7 7. Bd3 Nc6 8.
O-O Nf6 9. Qd2 Ng4 10. Bf4 d6 11. Na3 a6 12. h3 Nge5 13. Nxe5 Nxe5 14. Bc2 h6
15. Be3 b5 16. f4 Nc6 17. Rad1 O-O 18. f5 Kh7 19. fxg6+ fxg6 20. Rxf8 Bxf8 21.
Rf1 Be6 22. Rf4 Ne5 23. Rh4 Nf7 24. e5 dxe5 25. Qd3 Bf5 26. Qd5 e6 27. Qxa8 Be7
28. Rxh6+ Nxh6 29. Bxh6 Bc5+ 30. Kh1 Kxh6 31. Qh8+ Qh7 32. Qxe5 Bxa3 33. Bxf5
exf5 34. bxa3 Qb7 35. Qe3+ Kg7 36. Qe5+ Kf7 37. Kh2 Qc6 38. Kg3 a5 39. Qd4 g5
40. Kf2 Qe6 41. Qa7+ Kg6 42. Qxa5 Qxa2+ 43. Kg1 Qb1+ 44. Kh2 f4 45. Qb6+ Kh5
46. Qb7 Qd3 47. Qe7 Kg6 48. Qe6+ Kg7 49. Qe7+ Kg6 50. Qe8+ Kf6 51. Qf8+ Kg6 52.
Qg8+ Kf6 53. Qh8+ Kg6 {[ Po tomo ahu opustil èierny na 40 minút budovu, v
ktorej sa hralo a po jeho návrate mu bola partia skontumovaná.]} 54. Qe5 1-0

[Event "SR 3. liga A2 2015/2016"]
[Site "?"]
[Date "2016.03.20"]
[Round "10.3"]
[White "Lajda, Dusan"]
[Black "Planka, Peter"]
[Result "0-1"]
[WhiteElo "1861"]
[BlackElo "1748"]
[PlyCount "110"]
[EventDate "2016.??.??"]

1. e4 e5 2. Nf3 Nc6 3. Bc4 Bc5 4. b4 Bxb4 5. c3 Ba5 6. d4 exd4 7. O-O d6 8. Qb3
Qf6 9. cxd4 Bb6 10. e5 Qg6 11. Bb5 Bd7 12. d5 Nxe5 13. Nxe5 dxe5 14. Bb2 f6 15.
Nd2 O-O-O 16. Nc4 Bxb5 17. Qxb5 Qe8 18. Nxb6+ axb6 19. Qc4 Qd7 20. Rfd1 Ne7 21.
Rac1 Kb8 22. Rc3 c6 23. d6 c5 24. g3 Nf5 25. Rcd3 Nd4 26. Bxd4 exd4 27. Rb1
Qxd6 28. Rdb3 Qd5 29. Qa4 Qc6 30. Qc4 Rhe8 31. Rxb6 Re1+ 32. Rxe1 Qxb6 33. Qd3
Qd6 34. a4 Rd7 35. a5 Qa6 36. Re8+ Kc7 37. Qa3 c4 38. Qc5+ Qc6 39. Qa7 Kd6 40.
Qxd4+ Kc7 41. Qf4+ Rd6 42. Re4 Kd8 43. f3 Qc5+ 44. Kg2 c3 45. g4 Rd2+ 46. Kh3
Qd6 47. Qxd6+ Rxd6 48. Rc4 Rc6 49. Rd4+ Kc7 50. Rd1 c2 51. Rc1 Rc5 52. Kg3 Kc6
53. Kf2 Kb5 54. Ke3 Kxa5 55. Kd2 Kb4 0-1

[Event "SR 3. liga A2 2015/2016"]
[Site "?"]
[Date "2016.03.20"]
[Round "10.3"]
[White "Harasta, Marian"]
[Black "Krchnak, Rudolf"]
[Result "0-1"]
[WhiteElo "1583"]
[BlackElo "1751"]
[PlyCount "62"]
[EventDate "2016.??.??"]

1. d4 Nf6 2. c4 c5 3. d5 e6 4. Nc3 exd5 5. cxd5 d6 6. Nf3 g6 7. Bf4 Bg7 8. Qa4+
Bd7 9. Qb3 Qc7 10. Nb5 Bxb5 11. Qxb5+ Nbd7 12. Qb3 O-O 13. e3 a6 14. Bd3 b5 15.
Qd1 Nxd5 16. Bxb5 Nxf4 17. Bxd7 Nxg2+ 18. Kf1 Nxe3+ 19. fxe3 Qxd7 20. Rb1 Rfe8
21. Kf2 Rad8 22. Re1 Bh6 23. Re2 Qe6 24. Qb3 Qxb3 25. axb3 Re6 26. Rbe1 f5 27.
h4 Rde8 28. Nd2 Kf7 29. Nc4 d5 30. Nd2 d4 31. exd4 Bxd2 0-1

[Event "SR 3. liga A2 2015/2016"]
[Site "?"]
[Date "2016.03.20"]
[Round "10.4"]
[White "Abel, Peter"]
[Black "Rachela, Jozef"]
[Result "1-0"]
[WhiteElo "2178"]
[BlackElo "2023"]
[PlyCount "211"]
[EventDate "2016.??.??"]

1. c4 Nf6 2. Nc3 e5 3. Nf3 Nc6 4. e3 Bb4 5. Qc2 O-O 6. Nd5 Bc5 7. Bd3 h6 8. a3
a5 9. b3 d6 10. Bb2 Nxd5 11. cxd5 Ne7 12. Nxe5 Nxd5 13. O-O Be6 14. Nf3 Re8 15.
Rac1 c6 16. Nd4 Bxd4 17. Bxd4 Nf6 18. Qb2 Bd5 19. Bc4 Be4 20. f3 Bf5 21. Bxf6
Qxf6 22. Qxf6 gxf6 23. Kf2 Be6 24. d4 Re7 25. Rc3 Rae8 26. Rb1 Kg7 27. Bf1 f5
28. Rb2 Kf6 29. b4 axb4 30. axb4 Ra8 31. b5 Bd5 32. Rbc2 Ra5 33. Rb2 Re8 34.
Bd3 Re7 35. bxc6 bxc6 36. Re2 c5 37. dxc5 Rxc5 38. Ra3 Rec7 39. Rd2 Be6 40. Bf1
Rc2 41. Rad3 Rxd2+ 42. Rxd2 Ke7 43. Rd4 Rc8 44. Rh4 Rh8 45. Rh5 Kf6 46. Bd3 Bd7
47. Ke2 Be6 48. Kd2 Bd7 49. h3 Be6 50. g3 Bc8 51. Ke2 Be6 52. Kf2 Bc8 53. g4
fxg4 54. hxg4 Kg7 55. Kg3 Be6 56. Be4 Rb8 57. Rh1 Rb3 58. Re1 Ra3 59. Bc2 Rc3
60. Bb1 Ra3 61. Be4 Rb3 62. Bc6 Rc3 63. Bb5 Rb3 64. Bf1 Ra3 65. Bg2 d5 66. Bf1
Kg6 67. Kf4 Kf6 68. Rd1 Ra4+ 69. Kg3 Ra3 70. Bd3 Rb3 71. Rd2 Ra3 72. Kf2 Ra5
73. Be2 Kg7 74. f4 f5 75. gxf5 Bxf5 76. Bf3 Be6 77. Rb2 Ra7 78. Rb6 Bf7 79. Rd6
Ra2+ 80. Ke1 Ra5 81. Kd2 Rc5 82. Kd3 Ra5 83. f5 Ra3+ 84. Kd4 Ra4+ 85. Ke5 Ra3
86. Rd7 Kf8 87. Kf4 Ra4+ 88. Ke5 Ra3 89. Kf4 Ra4+ 90. Kg3 Ra5 91. Bd1 Ra3 92.
Kf4 Rc3 93. f6 Rc4+ 94. Kf5 Ke8 95. Re7+ Kf8 96. Bf3 Rc3 97. Kf4 Rc4+ 98. Ke5
Rc3 99. Kd4 Rc4+ 100. Kd3 Ra4 101. Rb7 Bg6+ 102. Ke2 Ra2+ 103. Ke1 Ra5 104. Be2
Bf7 105. Rb8+ Be8 106. Bh5 1-0

[Event "SR 3. liga A2 2015/2016"]
[Site "?"]
[Date "2016.03.20"]
[Round "10.4"]
[White "Merva, Frantisek"]
[Black "Nemsak, Denis"]
[Result "1-0"]
[WhiteElo "2080"]
[BlackElo "2095"]
[PlyCount "37"]
[EventDate "2016.??.??"]

1. d4 f5 2. e4 fxe4 3. Nc3 Nf6 4. Bg5 c6 5. f3 d5 6. fxe4 dxe4 7. Bc4 Qb6 8.
Nge2 Qxb2 9. O-O Qb4 10. Bb3 Bg4 11. Rb1 Qa5 12. Bd2 Qh5 13. Qe1 g5 14. Ng3 Qg6
15. Ncxe4 Bg7 16. h3 Nxe4 17. Bf7+ Qxf7 18. Rxf7 Kxf7 19. Qxe4 1-0

[Event "SR 3. liga A2 2015/2016"]
[Site "?"]
[Date "2016.03.20"]
[Round "10.4"]
[White "Bincik, Pavol"]
[Black "Kalmar, Tamas"]
[Result "0-1"]
[WhiteElo "1933"]
[BlackElo "2044"]
[PlyCount "170"]
[EventDate "2016.??.??"]

1. d4 d5 2. c4 e6 3. Nc3 c6 4. Nf3 Nf6 5. Bg5 Nbd7 6. e3 Be7 7. cxd5 exd5 8.
Bd3 O-O 9. O-O Re8 10. Rb1 a5 11. a3 h6 12. Bh4 b6 13. b4 axb4 14. axb4 b5 15.
Qb3 Nb6 16. Ne5 Bd7 17. Rfc1 Nc4 18. Bxc4 bxc4 19. Qb2 Rb8 20. Bxf6 Bxf6 21.
Nxd7 Qxd7 22. Na4 Be7 23. Nc5 Bxc5 24. dxc5 Rb5 25. Qc3 Reb8 26. Rb2 Qb7 27.
Rcb1 Qe7 28. h3 f6 29. Kf1 Qe5 30. Qxe5 fxe5 31. Ke2 Kf7 32. Kd2 d4 33. Kc2 Ke6
34. e4 Ra8 35. f3 c3 36. Rb3 Ra2+ 37. Kd3 Rd2+ 38. Kc4 Rb7 39. g3 g5 40. Ra3
Rf2 41. Ra6 Kd7 42. Ra8 Rb2 43. Rd1 R7xb4+ 44. Kd3 R4b3 45. Rc1 c2+ 46. Kd2 Rc3
47. Rh8 Rxf3 48. Rh7+ Kd8 49. Ra1 Rf2+ 50. Kc1 Rf1+ 51. Kxb2 Rxa1 52. Kxc2 Ra5
53. Rxh6 Rxc5+ 54. Kd2 Rc3 55. g4 Kd7 56. Rh5 Kd6 57. Rxg5 Rxh3 58. Rg6+ Kc5
59. Re6 Rg3 60. Rxe5+ Kc4 61. g5 c5 62. Rf5 Rg2+ 63. Ke1 d3 64. e5 Kc3 65. Kf1
d2 66. Kxg2 d1=Q 67. Kg3 Qh5 68. e6 Kd4 69. e7 Qe8 70. Rf1 Qxe7 71. Rd1+ Kc3
72. Kf4 c4 73. Kf5 Kc2 74. Rh1 Qf7+ 75. Kg4 Qd7+ 76. Kf4 Qd6+ 77. Kg4 c3 78.
Rh6 Qd4+ 79. Kf5 Qd3+ 80. Kf6 Kb2 81. Rh2+ Kb3 82. Kg7 Qg3 83. Rh5 Qg4 84. Kg6
c2 85. Rh1 Qe4+ 0-1

[Event "SR 3. liga A2 2015/2016"]
[Site "?"]
[Date "2016.03.20"]
[Round "10.4"]
[White "Matis, Daniel"]
[Black "Stepanovic, Branislav"]
[Result "0-1"]
[WhiteElo "1602"]
[BlackElo "1996"]
[PlyCount "60"]
[EventDate "2016.??.??"]

1. e4 c5 2. Bc4 e6 3. Nc3 a6 4. a3 b5 5. Ba2 b4 6. axb4 cxb4 7. Nce2 Bb7 8. Ng3
Nf6 9. d3 h5 10. Nf3 h4 11. Ne2 h3 12. g3 Nc6 13. Bd2 Bc5 14. d4 Be7 15. Ng5
Ng4 16. Nxh3 Rxh3 17. Ng1 Rxh2 18. Rxh2 Nxh2 19. Qh5 Nxd4 20. O-O-O Nxc2 21.
Kxc2 Bxe4+ 22. Kb3 Bd5+ 23. Ka4 Bxa2 24. Qh8+ Bf8 25. Bxb4 d6 26. Bxd6 Qd7+ 27.
Ka3 O-O-O 28. Rc1+ Kb7 29. Rc7+ Qxc7 30. Bxf8 Qa5# 0-1

[Event "SR 3. liga A2 2015/2016"]
[Site "?"]
[Date "2016.03.20"]
[Round "10.4"]
[White "Mihalik, Anton"]
[Black "Matis, Tibor ml"]
[Result "1-0"]
[WhiteElo "1935"]
[BlackElo "1709"]
[PlyCount "59"]
[EventDate "2016.??.??"]

1. c4 Nf6 2. Nc3 g6 3. Nf3 d6 4. d4 Bg7 5. e4 O-O 6. h3 a6 7. Be3 Nbd7 8. Be2
e5 9. O-O Ne8 10. Bg5 f6 11. Bh4 g5 12. Bg3 f5 13. exf5 Rxf5 14. Bd3 Rf8 15.
dxe5 dxe5 16. Nxe5 Nd6 17. Nxd7 Qxd7 18. Qc2 h6 19. Rad1 Qc6 20. Nd5 Re8 21.
Rfe1 Be6 22. Nxc7 Qxc7 23. Bxd6 Qb6 24. Be5 Rac8 25. Bxg7 Kxg7 26. Qc3+ Kf7 27.
Re3 Red8 28. Rf3+ Kg8 29. Qf6 Rd7 30. Re1 1-0

[Event "SR 3. liga A2 2015/2016"]
[Site "?"]
[Date "2016.03.20"]
[Round "10.4"]
[White "Bugar, Peter"]
[Black "Manak, Adrian"]
[Result "0-1"]
[WhiteElo "1760"]
[BlackElo "1928"]
[PlyCount "52"]
[EventDate "2016.??.??"]

1. d4 d5 2. c4 c6 3. Nc3 e5 4. cxd5 cxd5 5. e3 e4 6. Qb3 Nf6 7. Bb5+ Nc6 8. Bd2
Be6 9. Nge2 Bd6 10. Ba4 O-O 11. Bxc6 bxc6 12. Na4 Ng4 13. h3 Qh4 14. Rf1 Nh2
15. Rh1 Bxh3 16. gxh3 Nf3+ 17. Kd1 Qxf2 18. Nac3 Rab8 19. Qa4 Rxb2 20. Bc1 Rb6
21. Ba3 Bxa3 22. Qxa3 Qxe3 23. Nxe4 Qxa3 24. N4c3 Qb2 25. Nb1 Qxa1 26. Kc2
Qxa2+ 0-1

[Event "SR 3. liga A2 2015/2016"]
[Site "?"]
[Date "2016.03.20"]
[Round "10.4"]
[White "Curidlo, Jan"]
[Black "Mezes, Kristof"]
[Result "1-0"]
[WhiteElo "1889"]
[BlackElo "1451"]
[PlyCount "103"]
[EventDate "2016.??.??"]

1. e4 e6 2. d4 d5 3. Nd2 Nf6 4. e5 Nfd7 5. Bd3 c5 6. c3 Nc6 7. Ne2 Be7 8. a3
O-O 9. O-O Qb6 10. Nf3 f6 11. exf6 Nxf6 12. b4 c4 13. Bc2 Bd7 14. Ng3 Bd6 15.
Re1 Rae8 16. Bg5 a5 17. Rb1 Nd8 18. Qd2 axb4 19. axb4 Qc7 20. Ne5 b5 21. Ra1
Re7 22. h3 Nf7 23. Nxd7 Qxd7 24. Bxf6 gxf6 25. Nh5 Nd8 26. Qh6 Ref7 27. Re3 e5
28. Rg3+ Kh8 29. Bxh7 Rxh7 30. Nxf6 Rxh6 31. Nxd7 Re8 32. Re3 Re7 33. Nxe5 Bxe5
34. dxe5 Nf7 35. f4 Kg7 36. Kf2 Rh8 37. Ra6 Rh6 38. Ra8 Rb6 39. Rc8 Rbb7 40.
Rc6 Red7 41. e6 d4 42. Rg3+ Kf8 43. exd7 Rxd7 44. cxd4 Rxd4 45. Rb6 Rd2+ 46.
Ke1 Rc2 47. Rb8+ Ke7 48. Re3+ Kf6 49. g4 c3 50. Rb6+ Kg7 51. Kd1 Rd2+ 52. Kc1
1-0

[Event "SR 3. liga A2 2015/2016"]
[Site "?"]
[Date "2016.03.20"]
[Round "10.4"]
[White "Olle, Akos"]
[Black "Slaba, Andrea"]
[Result "0-1"]
[WhiteElo "1299"]
[BlackElo "1747"]
[PlyCount "74"]
[EventDate "2016.??.??"]

1. e4 d6 2. d4 Nf6 3. Nc3 g6 4. Nf3 Bg7 5. Bg5 O-O 6. Bc4 Nbd7 7. Qd2 Nb6 8.
Bb3 Qd7 9. O-O e6 10. e5 Nbd5 11. Bxd5 Nxd5 12. Nxd5 exd5 13. Bh6 Qc6 14. Bxg7
Kxg7 15. c3 Bg4 16. Qe3 Bxf3 17. Qxf3 dxe5 18. dxe5 Qe6 19. Rfe1 b6 20. Rad1
Rad8 21. Rd3 Rd7 22. Qf6+ Qxf6 23. exf6+ Kxf6 24. c4 d4 25. Re4 c5 26. a3 Rdd8
27. b4 Rfe8 28. Rf3+ Kg7 29. Rxe8 Rxe8 30. Kf1 cxb4 31. axb4 Rc8 32. Rf4 Rxc4
33. b5 Rb4 34. Ke2 Rxb5 35. Rxd4 Kf6 36. Ke3 Ke6 37. Re4+ Re5 0-1

[Event "SR 3. liga A2 2015/2016"]
[Site "?"]
[Date "2016.03.20"]
[Round "10.5"]
[White "Hecko, Dusan"]
[Black "Sturdik, Igor"]
[Result "0-1"]
[WhiteElo "2099"]
[BlackElo "1984"]
[PlyCount "118"]
[EventDate "2016.??.??"]

1. d4 Nf6 2. Nf3 c5 3. Nc3 cxd4 4. Nxd4 d5 5. Bf4 Nc6 6. e3 a6 7. Be2 e6 8. a3
Bc5 9. O-O O-O 10. b4 Nxd4 11. exd4 Bd6 12. Bxd6 Qxd6 13. Na4 b6 14. Nb2 a5 15.
b5 Bd7 16. Bd3 Rac8 17. Qe2 Rfd8 18. f3 Be8 19. g3 Nd7 20. Rfe1 Rc3 21. a4 Qb4
22. Qd2 Qxd4+ 23. Kg2 Qf6 24. Ra2 Rdc8 25. Nd1 R3c5 26. f4 e5 27. fxe5 Nxe5 28.
Qe2 Ng6 29. c3 Qg5 30. Rf1 Bd7 31. Qf2 f6 32. Bxg6 hxg6 33. Rd2 Bf5 34. Kg1 Re8
35. h4 Qh5 36. Re1 Rxe1+ 37. Qxe1 Be4 38. Qe3 Qf3 39. Qxf3 Bxf3 40. Kf2 Bxd1
41. Rxd1 Kf7 42. Rd3 Ke6 43. Re3+ Kd6 44. Re8 Rxc3 45. Rb8 Kc5 46. Rb7 g5 47.
hxg5 fxg5 48. Rxg7 Rc4 49. Rc7+ Kb4 50. Rc6 Kxa4 51. Rxb6 Rc5 52. Rg6 Kxb5 53.
Rxg5 a4 54. Rg8 Kb4 55. Ke3 a3 56. Rf8 a2 57. Rf1 Rc3+ 58. Kd4 Rxg3 59. Kxd5
Ra3 0-1

[Event "SR 3. liga A2 2015/2016"]
[Site "?"]
[Date "2016.03.20"]
[Round "10.5"]
[White "Bukovsky, Milan"]
[Black "Ocko, Martin"]
[Result "0-1"]
[WhiteElo "1974"]
[BlackElo "1941"]
[PlyCount "50"]
[EventDate "2016.??.??"]

1. d4 Nf6 2. c4 e5 3. dxe5 Ng4 4. Nf3 Bc5 5. e3 Nc6 6. a3 a5 7. Nc3 Ngxe5 8.
Nxe5 Nxe5 9. Be2 O-O 10. O-O Ra6 11. Qc2 Rg6 12. Ne4 d6 13. Bd2 Bf5 14. f4 Qh4
15. Be1 Bxe3+ 16. Kh1 Qh6 17. fxe5 Bf4 18. Rxf4 Qxf4 19. Bf3 Rh6 20. Kg1 Qxh2+
21. Kf2 Qxe5 22. Bc3 Qf4 23. Re1 Rh2 24. Ke2 Bg4 25. Bxg4 Rxg2+ 0-1

[Event "SR 3. liga A2 2015/2016"]
[Site "?"]
[Date "2016.03.20"]
[Round "10.5"]
[White "Nemeckay, Rastislav"]
[Black "Doucha, Ludvik"]
[Result "1-0"]
[WhiteElo "2017"]
[BlackElo "1966"]
[PlyCount "109"]
[EventDate "2016.??.??"]

1. e4 e5 2. Nf3 d6 3. d4 exd4 4. Qxd4 Nc6 5. Bb5 Nge7 6. Bg5 f6 7. Bh4 a6 8.
Bxc6+ Nxc6 9. Qd2 Be6 10. Nc3 Qd7 11. Nd4 Nxd4 12. Qxd4 Be7 13. O-O-O O-O 14.
Nd5 Rae8 15. f3 Bd8 16. Kb1 b6 17. g4 Qf7 18. Bg3 a5 19. c4 Qd7 20. Nc3 Qc6 21.
b3 Kh8 22. h4 Bg8 23. h5 h6 24. Nd5 Bxd5 25. cxd5 Qc5 26. Rh2 Qxd4 27. Rxd4 Rf7
28. Rc4 Rd7 29. Rc6 Kg8 30. Kc2 Ree7 31. Kd3 Kf7 32. Bf4 Ke8 33. Kc4 Rf7 34.
Kb5 Rfe7 35. a4 Rf7 36. Bd2 Rde7 37. b4 axb4 38. Bxb4 Rd7 39. Ka6 Rfe7 40. Kb7
Kf7 41. a5 bxa5 42. Bxa5 f5 43. gxf5 Kf6 44. Bc3+ Kg5 45. Bd2+ Kf6 46. Bf4 Kf7
47. Kc8 Ke8 48. Rhc2 Rf7 49. Bd2 Ke7 50. Be1 Ke8 51. Ba5 Ke7 52. Bxc7 Ke8 53.
Bxd6 Ba5 54. Bc7 Bb4 55. d6 1-0

[Event "SR 3. liga A2 2015/2016"]
[Site "?"]
[Date "2016.03.20"]
[Round "10.5"]
[White "Mosny, Jaroslav"]
[Black "Danada, Ondrej"]
[Result "1-0"]
[WhiteElo "1932"]
[BlackElo "1948"]
[PlyCount "127"]
[EventDate "2016.??.??"]

1. d4 e6 2. Nf3 f5 3. g3 Nf6 4. Bg2 d5 5. Bf4 Bd6 6. e3 O-O 7. O-O Bd7 8. Nbd2
Be8 9. c4 c6 10. Qb3 b5 11. cxb5 cxb5 12. Rac1 a6 13. Qc3 Nc6 14. Bxd6 Qxd6 15.
Ne5 b4 16. Qb3 Nxe5 17. dxe5 Qxe5 18. Nf3 Qd6 19. Nd4 Bd7 20. Rfd1 Rfc8 21. Ne2
a5 22. Nf4 a4 23. Qd3 Rc5 24. Qd2 Rac8 25. Rxc5 Qxc5 26. Nd3 Qc2 27. Bf3 a3 28.
Qxb4 axb2 29. Nxb2 Ne4 30. Bxe4 fxe4 31. Qd2 Qc5 32. Qd4 Qa3 33. Ra1 Rc2 34.
Nd1 Rxa2 35. Rxa2 Qxa2 36. Nc3 Qa1+ 37. Kg2 h6 38. Ne2 Qxd4 39. exd4 g5 40. f4
Bb5 41. Nc3 Bc4 42. Kf2 Kf7 43. Nd1 Kg6 44. Ne3 Bb5 45. Ng4 gxf4 46. gxf4 Kh5
47. Kg3 Be2 48. Ne3 Kg6 49. Kh4 Kf6 50. Kg3 Ke7 51. f5 Kd6 52. Kf4 exf5 53.
Nxf5+ Kc6 54. Nxh6 Kb5 55. Nf5 Kc4 56. Ke3 Bg4 57. Ne7 Bh3 58. Ng6 Bf5 59. Ne5+
Kc3 60. h4 Bh7 61. h5 Kc2 62. Ng6 Kc3 63. Nf8 Bf5 64. h6 1-0

[Event "SR 3. liga A2 2015/2016"]
[Site "?"]
[Date "2016.03.20"]
[Round "10.5"]
[White "Skapik, Branislav"]
[Black "Bahna, Jan"]
[Result "0-1"]
[WhiteElo "1845"]
[BlackElo "1871"]
[PlyCount "106"]
[EventDate "2016.??.??"]

1. Nf3 d5 2. d4 Nf6 3. e3 e6 4. c4 a6 5. Nc3 Be7 6. Bd3 dxc4 7. Bxc4 b5 8. Bd3
Bb7 9. Qc2 Nbd7 10. e4 h6 11. e5 Nd5 12. Nxd5 Bxd5 13. Be4 Bxe4 14. Qxe4 O-O
15. O-O c5 16. Be3 c4 17. Rac1 Nb6 18. Qg4 Kh8 19. Qh5 Kh7 20. h4 Nd5 21. Bg5
f6 22. exf6 Nxf6 23. Bxf6 Bxf6 24. Qg4 Qd5 25. Rfe1 Qf5 26. Qe4 Rfe8 27. g4
Qxe4 28. Rxe4 Kg6 29. Rce1 Kf7 30. g5 hxg5 31. hxg5 Bd8 32. d5 Ba5 33. dxe6+
Kg6 34. R1e2 Bc7 35. Kg2 Re7 36. Kh3 Kf5 37. Rg4 Rh8+ 38. Nh4+ Rxh4+ 39. Kxh4
Rxe6 40. Rxe6 Kxe6 41. Re4+ Kd5 42. Re2 b4 43. Kg4 Be5 44. Kf5 Bd4 45. Re8 c3
46. bxc3 bxc3 47. Rd8+ Kc4 48. Ke4 Bc5 49. Rd1 c2 50. Rc1 Kc3 51. f4 Ba3 52. f5
Bxc1 53. f6 gxf6 0-1

[Event "SR 3. liga A2 2015/2016"]
[Site "?"]
[Date "2016.03.20"]
[Round "10.5"]
[White "Krist, Milan"]
[Black "Likavska, Barbora"]
[Result "1/2-1/2"]
[WhiteElo "1872"]
[BlackElo "1862"]
[PlyCount "47"]
[EventDate "2016.??.??"]

1. d4 Nf6 2. c4 d6 3. Nc3 g6 4. e4 Bg7 5. Nf3 O-O 6. Bd3 e5 7. dxe5 dxe5 8. O-O
c6 9. Bg5 Qc7 10. h3 Be6 11. Qc2 Na6 12. a3 Nc5 13. Be2 b6 14. Rfd1 Rfd8 15.
Rac1 Rd7 16. Rxd7 Nfxd7 17. Rd1 f5 18. b4 Nb7 19. Qd2 Nf6 20. Bxf6 Bxf6 21. Qc1
Rd8 22. Kf1 Rxd1+ 23. Qxd1 Qd6 24. Qxd6 1/2-1/2

[Event "SR 3. liga A2 2015/2016"]
[Site "?"]
[Date "2016.03.20"]
[Round "10.5"]
[White "Pericka, Pavol"]
[Black "Holicky, Miroslav"]
[Result "1-0"]
[WhiteElo "1781"]
[BlackElo "1821"]
[PlyCount "127"]
[EventDate "2016.??.??"]

1. e4 d5 2. exd5 Qxd5 3. Nc3 Qd8 4. Bc4 Nf6 5. h3 a6 6. Nf3 b5 7. Bb3 c5 8. d3
Bb7 9. O-O e6 10. Bf4 Be7 11. Re1 O-O 12. Ng5 Nd5 13. Bxd5 exd5 14. Qh5 Bxg5
15. Bxg5 f6 16. Bf4 b4 17. Na4 g6 18. Qf3 Qa5 19. b3 Nd7 20. Re7 Qd8 21. Re6
Rc8 22. Rae1 Kg7 23. Re7+ Rf7 24. Bh6+ Kg8 25. Re8+ Qxe8 26. Rxe8+ Rxe8 27. c4
bxc3 28. Nxc3 Ne5 29. Qd1 d4 30. Na4 Nd7 31. Qc2 Re5 32. Bf4 Rd5 33. Qe2 Bc6
34. Qe8+ Kg7 35. Bh6+ Kxh6 36. Qxf7 Re5 37. Kf1 Rg5 38. f3 Bb5 39. Nb2 Ne5 40.
Qf8+ Kh5 41. g4+ Kh4 42. Kf2 h5 43. Qxf6 hxg4 44. hxg4 Nxg4+ 45. fxg4 Kxg4 46.
Qf3+ Kh4 47. Qh1+ Kg4 48. Qf3+ Kh4 49. Qf4+ Kh5 50. Qh2+ Kg4 51. Qg3+ Kf5 52.
Qf3+ Ke5 53. Qe4+ Kf6 54. Qh4 Kf5 55. Nc4 Bxc4 56. bxc4 Rh5 57. Qe4+ Kf6 58.
Qc6+ Kg7 59. Qxa6 Rh2+ 60. Kg3 Rd2 61. Qa3 Re2 62. Qb3 Kh6 63. a4 Kh5 64. Qd1
1-0

[Event "SR 3. liga A2 2015/2016"]
[Site "?"]
[Date "2016.03.20"]
[Round "10.5"]
[White "Klanica, Anton"]
[Black "Ulehla, Jakub"]
[Result "1-0"]
[WhiteElo "1747"]
[BlackElo "1645"]
[PlyCount "103"]
[EventDate "2016.??.??"]

1. e4 e5 2. Nf3 Nc6 3. Bb5 a6 4. Ba4 Nf6 5. d3 d6 6. Bg5 Be7 7. Nbd2 b5 8. Bb3
Na5 9. Bxf6 Bxf6 10. O-O Nxb3 11. Nxb3 c5 12. Nbd2 O-O 13. h3 Qc7 14. Nh2 g6
15. Ng4 Bg7 16. Ne3 Bb7 17. Rb1 Rad8 18. c4 b4 19. Ra1 f5 20. Qe2 a5 21. a3 Ra8
22. Ra2 f4 23. Nd5 Bxd5 24. cxd5 Ra7 25. Rfa1 Rfa8 26. Qg4 Kh8 27. axb4 cxb4
28. Qd1 Ra6 29. Rc1 Qd7 30. Qa4 Qb7 31. b3 Rd8 32. Rac2 Qb8 33. Rc7 Ra7 34.
Rxa7 Qxa7 35. Nf3 Bf6 36. Rc4 Qb6 37. Rc6 Qa7 38. Qb5 Be7 39. Qc4 Rd7 40. Nd2
Kg7 41. Ra6 Qb8 42. Rc6 Ra7 43. Qc2 Qd8 44. Nc4 Kf7 45. Nb2 h5 46. Na4 g5 47.
Rc8 Qd7 48. Qc6 Qxc6 49. Rxc6 Ke8 50. Kf1 Kd7 51. Nb6+ Kd8 52. Rc8# 1-0

[Event "SR 3. liga A2 2015/2016"]
[Site "?"]
[Date "2016.03.20"]
[Round "10.6"]
[White "Packa, Ladislav"]
[Black "Sebesta, Radovan"]
[Result "1-0"]
[WhiteElo "2161"]
[BlackElo "2009"]
[PlyCount "65"]
[EventDate "2016.??.??"]

1. d4 Nf6 2. c4 e6 3. Nc3 Bb4 4. e3 O-O 5. Bd3 d5 6. Nge2 c5 7. cxd5 cxd4 8.
exd4 Nxd5 9. O-O Nc6 10. Be4 Nxc3 11. bxc3 Bd6 12. Ng3 Ne7 13. Qf3 Qc7 14. Rb1
Rb8 15. Rb3 Ng6 16. h3 b6 17. Nh5 Ba6 18. Bd3 Bxd3 19. Qxd3 Rbc8 20. Re1 Qc4
21. Qf3 Qa4 22. Bh6 Qxa2 23. Reb1 Rfd8 24. Bxg7 Qc2 25. Bf6 Be7 26. Bxe7 Nxe7
27. Qf6 Qg6 28. Qxe7 Qxh5 29. c4 Qf5 30. Rg3+ Kh8 31. Rb5 Qf4 32. Rg4 Re8 33.
Qxe8+ 1-0

[Event "SR 3. liga A2 2015/2016"]
[Site "?"]
[Date "2016.03.20"]
[Round "10.6"]
[White "Palka, Martin"]
[Black "Jablonicky, Frantisek"]
[Result "0-1"]
[WhiteElo "1901"]
[BlackElo "2118"]
[PlyCount "90"]
[EventDate "2016.??.??"]

1. Nf3 f5 2. g3 Nf6 3. Bg2 g6 4. O-O Bg7 5. c4 d6 6. d4 O-O 7. Nc3 Qe8 8. d5
Na6 9. Be3 Bd7 10. Bd4 c5 11. Be3 Nc7 12. Rc1 a6 13. Qd2 b5 14. b3 b4 15. Nd1
Ne4 16. Qc2 h6 17. Nd2 Nf6 18. f3 e6 19. dxe6 Qxe6 20. Re1 Bc6 21. Bf2 a5 22.
g4 a4 23. gxf5 axb3 24. axb3 gxf5 25. Bh3 Nh5 26. Kh1 Nf4 27. Bf1 Qg6 28. e3
Nfe6 29. Be2 Qh5 30. Rg1 Ng5 31. Rg2 Nxf3 32. Bg3 Rf6 33. Nf2 Rg6 34. Nf1 Qg5
35. Nh3 Qf6 36. Nf4 Rg5 37. Qd1 Ne5 38. Nd5 Qf7 39. h4 Rg6 40. Bh5 Nxd5 41.
cxd5 Bxd5 42. Bxg6 Nxg6 43. Nd2 Bxg2+ 44. Kxg2 Qd5+ 45. Kg1 Ne5 0-1

[Event "SR 3. liga A2 2015/2016"]
[Site "?"]
[Date "2016.03.20"]
[Round "10.6"]
[White "Slobodnik, Michal"]
[Black "Skapikova, Lubica"]
[Result "1/2-1/2"]
[WhiteElo "2031"]
[BlackElo "1870"]
[PlyCount "47"]
[EventDate "2016.??.??"]

1. e4 e5 2. f4 d5 3. d4 exd4 4. e5 Nc6 5. Nf3 Bg4 6. a3 Bc5 7. b4 Bb6 8. Bd3
Nge7 9. Nbd2 Nf5 10. Qe2 Qe7 11. Bb2 Ne3 12. h3 Bxf3 13. Nxf3 a6 14. b5 axb5
15. Bxb5 Nf5 16. Qd3 Ng3 17. Rh2 Ba5+ 18. Kf2 Ne4+ 19. Kf1 O-O 20. Bxc6 bxc6
21. Bxd4 c5 22. Bb2 Ng3+ 23. Kf2 Ne4+ 24. Kf1 1/2-1/2

[Event "SR 3. liga A2 2015/2016"]
[Site "?"]
[Date "2016.03.20"]
[Round "10.6"]
[White "Palka, Miroslav"]
[Black "Horecky, Peter"]
[Result "1-0"]
[WhiteElo "1915"]
[BlackElo "2039"]
[PlyCount "47"]
[EventDate "2016.??.??"]

1. c4 Nf6 2. Nc3 g6 3. e4 d6 4. d4 Bg7 5. f3 O-O 6. Be3 c5 7. Nge2 Qa5 8. Qd2
Nc6 9. O-O-O a6 10. Kb1 b5 11. dxc5 dxc5 12. Nd5 bxc4 13. Nxe7+ Kh8 14. Nxc6
Qb6 15. Ne5 Nxe4 16. Nxf7+ Rxf7 17. Qd8+ Qxd8 18. Rxd8+ Bf8 19. fxe4 Bf5 20.
Rxf8+ Raxf8 21. exf5 Rxf5 22. Ng3 Rd5 23. Bxc4 Rd7 24. Rf1 1-0

[Event "SR 3. liga A2 2015/2016"]
[Site "?"]
[Date "2016.03.20"]
[Round "10.6"]
[White "Zigo, Rastislav"]
[Black "Fidericky, Milan"]
[Result "1-0"]
[WhiteElo "2007"]
[BlackElo "1751"]
[PlyCount "83"]
[EventDate "2016.??.??"]

1. e4 e5 2. Nf3 Nf6 3. Nxe5 d6 4. Nf3 Nxe4 5. Nc3 Nxc3 6. dxc3 Be7 7. Bd3 Bg4
8. h3 Be6 9. Be3 Nd7 10. Qd2 Ne5 11. Nxe5 dxe5 12. O-O f5 13. Qe2 O-O 14. Bc4
Qc8 15. Rad1 Bd6 16. Rfe1 Bxc4 17. Qxc4+ Kh8 18. Bc5 Rf6 19. Bxd6 cxd6 20. Qb4
Qc6 21. Qb3 Rc8 22. Qd5 Qb6 23. b3 h6 24. c4 Rc5 25. Qd3 Qc6 26. Re3 f4 27.
Ree1 Qc8 28. Qf3 b5 29. cxb5 Rxc2 30. a4 Qc5 31. Re2 Rc3 32. Qa8+ Kh7 33. Qe4+
Rg6 34. b4 Qb6 35. Kh2 Qc7 36. Rd3 Rc4 37. Qf5 e4 38. Rxe4 Rxe4 39. Qxe4 d5 40.
Rxd5 f3+ 41. g3 Qb7 42. Qd3 1-0

[Event "SR 3. liga A2 2015/2016"]
[Site "?"]
[Date "2016.03.20"]
[Round "10.6"]
[White "Huska, Branislav"]
[Black "Lukacovic, Miroslav"]
[Result "1-0"]
[WhiteElo "1819"]
[BlackElo "1998"]
[PlyCount "51"]
[EventDate "2016.??.??"]

1. e4 e6 2. d4 d5 3. Nd2 Nf6 4. e5 Nfd7 5. Bd3 c5 6. c3 Nc6 7. Ne2 c4 8. Bc2 b5
9. O-O a5 10. f4 g6 11. Nf3 h5 12. Ng5 Qe7 13. h4 Nb6 14. b3 Bh6 15. bxc4 Nxc4
16. a3 Ba6 17. Ng3 Ra7 18. f5 exf5 19. Bxf5 O-O 20. Nxh5 N6xe5 21. dxe5 Qxe5
22. Qxd5 gxh5 23. Qxe5 Nxe5 24. Be3 Raa8 25. Bd4 Ng4 26. Bh7# 1-0